• 首页
  • 本馆介绍
  • 公告通知
  • 最新文献
  • 馆藏检索
  • 电子资源
  • 读者导购
  • 参考咨询
  • 我的图书馆
  • 登录
  • 详细信息显示
  • 放入我的书架
  • 预约/预借图书
  • 作者相关作品
  • 分类相关作品
  • 丛书相关作品
  • 出版社相关作品

书目信息

  • 表格格式
  • 工作单格式
  • 卡片格式
题名:
中国省市图书馆概况
    
 
作者: 杨宝华 , 韩德昌 编
分册:  
出版信息: 北京   书目文献出版社  1985
页数: 428页
开本: 19cm
丛书名:
单 册:
中图分类: G258.2
科图分类:
主题词: 图书馆学 , 图书馆事业
电子资源:
ISBN:
000 00696nam0 2200253 45
001 0185003119
005 20061027103640.82
010    @dCNY2.05
091    @a7201.66
100    @a19900816d1985 emky0chiy0121 ea
101 0  @achi
102    @aCN@b110000
105    @ay qz 000yy
200 10 @a中国省市图书馆概况@Azhong guo sheng shi tu shu guan gai kuang@e1919-1949@f杨宝华, 韩德昌编
210    @a北京@c书目文献出版社@d1985
215    @a428页@d19cm
606 0  @a图书馆学
606 0  @a图书馆事业
690    @aG258.2@v3
701  0 @a杨宝华@Ayang bao hua@4编
701  0 @a韩德昌@Ahan de chang@4编
801  0 @aCN@b深圳图书馆@c20061027
801  2 @aCN@bNLC@c20060809
905    @dG258.2@e6
    
    中国省市图书馆概况:1919-1949/杨宝华, 韩德昌编.-北京:书目文献出版社,1985
    428页;19cm
    
    
    ISBN :CNY2.05
    
●
相关链接 在E读中查询图书 在五车中查询图书 在当当中查询图书 在豆瓣中查询图书


正题名:中国省市图书馆概况     索取号:G258.2/6         预约/预借

序号 登录号 条形码 馆藏地/架位号 状态 备注
1 0150308   000215519   密集书库/ [索取号:G258.2/6] 在馆    
2 0150309   000215430   密集书库/ [索取号:G258.2/6] 在馆    
3 0150310   000215485   密集书库/ [索取号:G258.2/6] 在馆    
4 0150311   000215449   密集书库/ [索取号:G258.2/6] 在馆    
5 0150312   000215476   第一样本阅览室/ [索取号:G258.2/6] 在馆    
6 0447966   204479661   密集书库/ [索取号:G258.2/6] 在馆    
7 0447967   204479670   密集书库/ [索取号:G258.2/6] 在馆    
8 0448423   204484236   密集书库/ [索取号:G258.2/6] 在馆    
9 0449976   204499765   密集书库/ [索取号:G258.2/6] 在馆    
唐山师范学院图书馆 欢迎您!
大连网信软件有限公司© 版权所有